000 00586nam a2200205Ia 4500
003 IN-BaIIA
008 211028s9999 xx 000 0 eng d
020 _a978--3-527-41018-7
040 _cIIA Library
080 _a524.834
_bBOJ
100 _aBojowald, Martin
_935651
245 4 _aThe Universe
_ba view from classical and quantum gravity
_cMartin Bojowald
260 _aWeinheim
_bWiley-VCH Verlag Gmbh
_c2013
300 _aviii, 362p.
490 _aPhysics text book
650 _aForce
_924796
650 _aNewtanian Gravity
_935652
650 _aUniverse
_91987
942 _cBK
999 _c18574
_d18574